000 00246nam a22001097a 4500
999 _c263446
_d263445
020 _a9780545415668
100 _a Sarah Mlynowski.
245 _aFairest of all
250 _a1st ed.
260 _aNew York
_bScholastic Press
_c2012.
942 _cBK